000 02421cam a22002534a 4500
005 20250605163945.0
008 250528s ||||||||||||||||||||||||d
035 _a15190
020 _a007557120X
040 _aGR-AtMCL
_bgre
_dGR-AtMCL
_eAACR2
245 1 _aBusiness Today / Sixth Edition
250 _a6th
260 _bMcgraw Hill, Inc,
_c1990
300 _a672
505 0 _aPreface, Focus on Business Today, Foundations of American Business, Forms of Business Enterprise, Small Business and New Ventures and Francises, Ethical and Social Responsibilities of Business, International Business, Operating a Business, The Fundamentals of Management, Organizing for Business, The Production of Goods and Services, Managing Human Resources, Human Relations, Human Resource Management, Union-Management Relations, Marketing, Marketing and Consumer Behavior, Product and Pricing Decisions, Distribution, Promotion, Tools of Business, Computers and Information Technology, Accounting, Finance, Money and Banking, Financial Management, Securities Markets, The Environment of Business, Government Relations and Business Law, Risk Management and Insurance, Appendices, Careers in Business, Research and Statistical Analysis and Reports, References, Glossary, Name and Company and Subject Index.
520 _aPreface, Focus on Business Today, Foundations of American Business, Forms of Business Enterprise, Small Business and New Ventures and Francises, Ethical and Social Responsibilities of Business, International Business, Operating a Business, The Fundamentals of Management, Organizing for Business, The Production of Goods and Services, Managing Human Resources, Human Relations, Human Resource Management, Union-Management Relations, Marketing, Marketing and Consumer Behavior, Product and Pricing Decisions, Distribution, Promotion, Tools of Business, Computers and Information Technology, Accounting, Finance, Money and Banking, Financial Management, Securities Markets, The Environment of Business, Government Relations and Business Law, Risk Management and Insurance, Appendices, Careers in Business, Research and Statistical Analysis and Reports, References, Glossary, Name and Company and Subject Index.
700 1 _aBovee Courtland L
_91069
700 1 _aMescon Michael H
_91064
700 1 _aRachman David J
_91065
700 1 _aThill John V
_91070
942 _cBK
999 _c784
_d784